[Event "2019 Steve Boniface Memorial Congress O"]
[Site "Bristol"]
[Date "2019.06.23"]
[Round "4.8"]
[White "Garcia Hernandez, Oscar"]
[Black "Kan, Toby"]
[Result "1/2-1/2"]
[WhiteElo "2068"]
[BlackElo "1550"]
[PlyCount "68"]
[EventDate "2019.06.21"]

{[%evp 0,12,19,38,40,6,19,21,18,9,16,-7,0,-31,-34]} 1. e4 c5 2. c3 Nf6 3. e5
Nd5 4. d4 cxd4 5. Qxd4 e6 6. Bc4 Nc6 7. Qe4 Nb6 8. Bd3 d6 9. exd6 Bxd6 10. Nf3
Nd5 11. O-O Nf6 12. Qe2 O-O 13. Bg5 Be7 14. Rd1 Qc7 15. Nbd2 h6 16. Bh4 Bd7 17.
Nc4 Rad8 18. Bg3 Qc8 19. Nd6 Bxd6 20. Bxd6 Rfe8 21. Ne5 Ne7 22. Nxd7 Rxd7 23.
Bb5 Nc6 24. c4 Red8 25. c5 Ne8 26. Bxc6 Qxc6 27. Bf4 Qxc5 28. Rxd7 Rxd7 29. Rc1
Qd5 30. h3 Nf6 31. Be5 Ne4 32. Bf4 Nf6 33. Be5 Ne4 34. Bf4 Nf6 1/2-1/2

[Event "2019 Steve Boniface Memorial Congress O"]
[Site "Bristol"]
[Date "2019.06.23"]
[Round "4.9"]
[White "Jukes, Sam"]
[Black "Xian, Junhao"]
[Result "0-1"]
[WhiteElo "1861"]
[BlackElo "2053"]
[PlyCount "82"]
[EventDate "2019.06.21"]

1. e4 c5 2. Nf3 e6 3. d4 cxd4 4. Nxd4 Nc6 5. Nc3 Qc7 6. Be2 a6 7. O-O Nf6 8.
Be3 Bb4 9. Na4 Be7 10. Nxc6 bxc6 11. Nb6 Rb8 12. Nxc8 Qxc8 13. e5 Nd5 14. Bc1
Bc5 15. c4 Ne7 16. Bd3 Qc7 17. Re1 Bd4 18. Qe2 c5 19. Kh1 d6 20. exd6 Qxd6 21.
Rb1 O-O 22. Qe4 Ng6 23. f4 Rb6 24. b3 f5 25. Qf3 e5 26. fxe5 Nxe5 27. Qg3 Bf2
28. Qxe5 Bxe1 29. Qxe1 Qxd3 30. Ba3 Rd8 31. Bxc5 Rg6 32. Rb2 f4 33. Re2 h6 34.
Bb4 Qf5 35. Rf2 Re6 36. Qc1 Rd3 37. c5 f3 38. c6 fxg2+ 39. Kg1 Qd5 40. Rf8+ Kh7
41. Bc3 Rd1+ 0-1

[Event "2019 Steve Boniface Memorial Congress O"]
[Site "Bristol"]
[Date "2019.06.23"]
[Round "4.10"]
[White "Makkar, Rajat"]
[Black "Pugh, Derek C"]
[Result "1/2-1/2"]
[WhiteElo "2122"]
[BlackElo "2059"]
[PlyCount "48"]
[EventDate "2019.06.21"]

1. d4 Nc6 2. Nf3 d5 3. c4 Bg4 4. cxd5 Bxf3 5. dxc6 Bxc6 6. Nc3 e6 7. e3 Bd6 8.
Bb5 Ne7 9. Bxc6+ Nxc6 10. O-O O-O 11. f4 Ne7 12. Rf3 c5 13. Ne4 cxd4 14. Rh3
Nd5 15. Qd3 f6 16. Nxd6 Qxd6 17. Qxh7+ Kf7 18. Qh5+ Ke7 19. Qg4 Rf7 20. exd4 f5
21. Qh4+ Nf6 22. Rd3 Qd5 23. Be3 Rc8 24. Rc3 Rxc3 1/2-1/2

[Event "2019 Steve Boniface Memorial Congress O"]
[Site "Bristol"]
[Date "2019.06.23"]
[Round "4.11"]
[White "Williams, Stephen M"]
[Black "Graham, David B"]
[Result "0-1"]
[WhiteElo "1899"]
[BlackElo "2173"]
[PlyCount "108"]
[EventDate "2019.06.21"]

1. d4 Nf6 2. Nf3 g6 3. Bf4 Bg7 4. Nc3 d6 5. e4 c6 6. Be2 b5 7. e5 Nh5 8. Be3 b4
9. Ne4 f5 10. Nfg5 fxe4 11. Bxh5 dxe5 12. Nxh7 Bf5 13. Bxg6+ Bxg6 14. Qg4 Bxh7
15. Qxg7 Kd7 16. O-O-O Qf8 17. dxe5+ Kc7 18. Qxf8 Rxf8 19. g4 Na6 20. e6 Rad8
21. h4 Rd6 22. h5 Rxe6 23. g5 Bf5 24. Rh4 Nb8 25. g6 Rg8 26. Rg1 Nd7 27. g7 Nf6
28. h6 Bh7 29. Bxa7 Ra8 30. Bc5 Rxa2 31. g8=Q Nxg8 32. Rxg8 Bxg8 33. h7 Bxh7
34. Rxh7 b3 35. cxb3 Kd7 36. Kc2 Ra8 37. Rh1 Rf8 38. Rd1+ Kc7 39. b4 Rf3 40.
Ra1 Re5 41. Ra7+ Kb8 42. Rd7 Kc8 43. Ra7 Rxc5+ 44. bxc5 Rxf2+ 45. Kd1 Kd8 46.
Ra8+ Kd7 47. b4 Rb2 48. Rb8 e3 49. Rb7+ Ke6 50. Rb6 Kd5 51. Rb7 e5 52. Rb6 Ke4
53. Rxc6 e2+ 54. Ke1 Ke3 0-1

[Event "2019 Steve Boniface Memorial Congress O"]
[Site "Bristol"]
[Date "2019.06.23"]
[Round "4.12"]
[White "Waddington, Mike P"]
[Black "Stubbs, Oliver"]
[Result "1/2-1/2"]
[WhiteElo "2009"]
[BlackElo "1870"]
[PlyCount "130"]
[EventDate "2019.06.21"]

{[%evp 0,130,19,21,8,-28,-9,-32,56,-32,35,10,10,-1,35,32,28,20,40,55,56,34,31,
17,34,38,38,39,44,32,88,85,71,57,58,55,64,52,100,97,175,91,514,392,599,99,133,
99,99,97,130,129,111,111,107,121,120,120,132,101,93,99,104,62,121,117,131,118,
154,154,215,179,152,150,159,160,139,141,141,177,174,170,179,224,223,235,260,
262,430,-12,-17,-27,48,-37,-28,-27,-23,-33,-28,-28,-12,-29,-9,0,-8,-8,-8,-27,
-6,0,-6,0,0,-69,0,0,15,0,0,-76,-71,-61,-67,-67,-67,-60,-34,-13,0,0,0,0,0]} 1.
Nc3 d5 2. e4 dxe4 3. Nxe4 Bf5 4. Qf3 Bxe4 5. Qxe4 c6 6. Bc4 Nf6 7. Qe2 Nbd7 8.
Nf3 h6 9. d4 e6 10. O-O Bd6 11. Ne5 Bxe5 12. dxe5 Nd5 13. a4 Qh4 14. f4 g5 15.
g3 Qh3 16. f5 O-O-O 17. f6 Rdg8 18. Ra3 g4 19. a5 Qh5 20. Re1 Qh3 21. a6 b6 22.
Qf2 Qh5 23. Qe2 Rd8 24. c3 Qg6 25. Bd3 Qg8 26. b4 h5 27. Bd2 h4 28. c4 Nc7 29.
Bf4 hxg3 30. Bxg3 Qf8 31. Ra4 Rg8 32. Be4 Nb8 33. Qg2 Qe8 34. b5 Qd7 35. Kh1
Qd2 36. Bxc6 Qxg2+ 37. Bxg2 Nd7 38. Raa1 Nc5 39. Rad1 Nd3 40. Rf1 Rd4 41. Kg1
Rgd8 42. Rd2 Rxc4 43. Rfd1 Rcd4 44. Bf1 Nxe5 45. Rxd4 Rxd4 46. Rxd4 Nf3+ 47.
Kf2 Nxd4 48. Ke3 Nf5+ 49. Kf4 Nd5+ 50. Ke5 Nxg3 51. hxg3 Kd7 52. Be2 Nc3 53.
Bxg4 Nxb5 54. Bh5 Ke8 55. Bf3 Nc7 56. Bb7 Kd7 57. g4 b5 58. g5 b4 59. Kd4 Kd6
60. Kc4 Ke5 61. g6 Kxf6 62. gxf7 Kxf7 63. Kxb4 Kf6 64. Kc5 Kf5 65. Bc8 Nxa6+
1/2-1/2

[Event "2019 Steve Boniface Memorial Congress O"]
[Site "Bristol"]
[Date "2019.06.23"]
[Round "4.13"]
[White "Graham, Cassie M"]
[Black "Harris, Calum"]
[Result "1-0"]
[WhiteElo "1983"]
[BlackElo "1756"]
[PlyCount "81"]
[EventDate "2019.06.21"]

{[%evp 0,81,21,32,41,51,91,35,55,54,31,21,17,9,4,10,6,-11,-20,-14,-10,-21,-30,
-38,85,42,42,17,0,-1,-2,21,55,10,53,42,109,79,97,101,101,105,105,105,121,105,
121,72,160,186,228,295,450,184,343,350,409,128,336,317,498,558,726,726,729,764,
715,567,587,591,605,626,710,654,732,719,770,760,781,790,808,819,831,846]} 1. e4
c5 2. Nc3 g6 3. f4 Bg7 4. Nf3 Nc6 5. Bc4 d6 6. d3 e6 7. O-O Nge7 8. Qe1 a6 9.
a4 O-O 10. Qh4 Nd4 11. f5 Nec6 12. Bg5 f6 13. fxe6 Bxe6 14. Nxd4 Nxd4 15. Bxe6+
Nxe6 16. Be3 Nc7 17. Rf3 b5 18. Rh3 h5 19. Qg3 b4 20. Ne2 Kh7 21. Bf4 Ne8 22.
Qf3 Kg8 23. d4 c4 24. Bd2 a5 25. Nf4 Qb6 26. c3 bxc3 27. Bxc3 f5 28. Ne6 fxe4
29. Qxe4 Nf6 30. Qxg6 Rf7 31. Nxg7 Rxg7 32. Qxf6 Qb7 33. Qe6+ Qf7 34. Qxf7+
Rxf7 35. Rxh5 d5 36. Rf1 Rd7 37. Rf3 Re8 38. Rg5+ Kh8 39. Rh3+ Rh7 40. Rxh7+
Kxh7 41. Rxd5 1-0

[Event "2019 Steve Boniface Memorial Congress O"]
[Site "Bristol"]
[Date "2019.06.23"]
[Round "4.14"]
[White "Smith, Lynda"]
[Black "Kerr, Duncan"]
[Result "1/2-1/2"]
[WhiteElo "1825"]
[BlackElo "1900"]
[PlyCount "82"]
[EventDate "2019.06.21"]

{[%evp 0,82,29,31,25,25,25,9,25,23,21,-14,-10,-16,-6,-15,21,7,40,26,18,1,49,30,
43,25,10,-70,-66,-43,-56,-51,-61,-94,-99,-110,-108,-122,-121,-120,-133,-137,
-151,-154,-116,-110,-117,-103,-19,-10,-12,-12,-15,-25,-20,-20,-36,-25,-34,-34,
-23,-22,-10,0,0,-13,0,0,21,24,3,0,0,0,0,-7,-47,-47,-66,-96,-66,-66,-50,-72,-50]
} 1. e4 e5 2. Nf3 Nc6 3. Bb5 a6 4. Bxc6 dxc6 5. d4 exd4 6. Qxd4 Qxd4 7. Nxd4 c5
8. Ne2 Bd7 9. Be3 O-O-O 10. Nd2 Bc6 11. f3 g6 12. Kf2 Bg7 13. Nc4 Bb5 14. Nd2
Bxb2 15. Rab1 Bg7 16. Nb3 b6 17. Bg5 f6 18. Bf4 Ne7 19. Rhd1 Nc6 20. Nc3 Bc4
21. a3 Nd4 22. Nxd4 cxd4 23. Na4 f5 24. Nxb6+ cxb6 25. Rxb6 fxe4 26. Rc6+ Kd7
27. Rxc4 Rc8 28. Rxc8 Rxc8 29. fxe4 Rxc2+ 30. Rd2 Rc4 31. Ke2 Kc6 32. Rd3 Ra4
33. Rh3 Bf8 34. Rxh7 Rxa3 35. Rf7 Bb4 36. Rf6+ Kb5 37. Rxg6 d3+ 38. Kf2 Bc5+
39. Ke1 Bb4+ 40. Kf2 Bc5+ 41. Ke1 Bb4+ 1/2-1/2

[Event "2019 Steve Boniface Memorial Congress O"]
[Site "Bristol"]
[Date "2019.06.23"]
[Round "4.15"]
[White "Hussain, Adam"]
[Black "Slade, Theodore"]
[Result "0-1"]
[WhiteElo "1475"]
[BlackElo "2125"]
[PlyCount "60"]
[EventDate "2019.06.21"]

{[%evp 0,60,25,25,25,13,19,24,25,5,22,7,1,4,-15,-1,-3,-1,-1,-20,-19,-23,-11,
-11,-12,-11,-128,-203,-194,-199,-214,-200,-118,-207,-108,-109,-119,-88,-125,
-87,-92,-52,-52,-299,305,204,643,42,0,-1961,-2324,-29989,-74,-335,-29988,
-29989,-29990,-29991,-29992,-29995,-29996,-29997,-29998]} 1. e4 e5 2. Nf3 Nc6
3. Bb5 Nf6 4. d3 Bc5 5. O-O Nd4 6. Nxd4 Bxd4 7. c3 Bb6 8. Bg5 c6 9. Ba4 h6 10.
Bh4 g5 11. Bg3 d6 12. Na3 h5 13. h3 h4 14. Bh2 g4 15. hxg4 Nxg4 16. d4 Qg5 17.
Nc4 Bc7 18. dxe5 dxe5 19. Nd6+ Bxd6 20. Qxd6 Nxh2 21. f4 Qg3 22. Qxe5+ Be6 23.
Qxh8+ Ke7 24. Qxa8 h3 25. Qxb7+ Kf8 26. Qb8+ Kg7 27. Qe5+ f6 28. Qc7+ Kh6 29.
Rf2 Nf3+ 30. Kf1 Bc4+ 0-1

[Event "2019 Steve Boniface Memorial Congress O"]
[Site "Bristol"]
[Date "2019.06.23"]
[Round "4.16"]
[White "Lovell, William Pm"]
[Black "Bolt, Graham"]
[Result "0-1"]
[WhiteElo "1784"]
[BlackElo "1979"]
[PlyCount "84"]
[EventDate "2019.06.21"]

{[%evp 0,84,25,-17,-5,-51,-4,11,28,24,41,15,47,37,35,29,29,23,36,-33,23,-25,22,
2,40,39,23,17,16,20,22,14,10,-7,-2,-7,-3,0,33,-14,-18,-10,-1,-2,2,-5,-13,-2,-8,
-9,0,-14,-4,-14,-18,-24,-13,-32,-14,-20,-14,-44,-42,-83,-75,-74,-73,-134,-137,
-149,-170,-192,-192,-192,-117,-356,-409,-455,-715,-981,-1330,-1226,-1371,-1259,
-1318,-1522,-1689]} 1. c4 e5 2. g3 c6 3. d4 Bb4+ 4. Bd2 Bxd2+ 5. Qxd2 d6 6.
dxe5 dxe5 7. Qxd8+ Kxd8 8. Nc3 Be6 9. Ne4 Na6 10. b3 f6 11. Bh3 Ke7 12. O-O-O
Nh6 13. Bxe6 Kxe6 14. Nf3 Rad8 15. h3 Nf7 16. a3 h6 17. Kc2 f5 18. Nc3 g5 19.
h4 g4 20. Nd2 Rd7 21. b4 Rhd8 22. Nb3 Rxd1 23. Rxd1 Rxd1 24. Kxd1 b6 25. Kc2
Nc7 26. Kd3 e4+ 27. Kc2 Ke5 28. e3 Ne6 29. Ne2 c5 30. b5 Kd6 31. Nf4 Ne5 32.
Nxe6 Kxe6 33. Nc1 Nxc4 34. Kb3 Ne5 35. Ne2 Nd3 36. Nf4+ Nxf4 37. exf4 Kd5 38.
Kc3 c4 39. h5 Kc5 40. a4 Kd5 41. Kc2 Kd4 42. Kd2 c3+ 0-1

[Event "2019 Steve Boniface Memorial Congress O"]
[Site "Bristol"]
[Date "2019.06.23"]
[Round "4.17"]
[White "Paul, Nathanael"]
[Black "Juciute, Einora"]
[Result "1-0"]
[WhiteElo "1949"]
[BlackElo "1741"]
[PlyCount "65"]
[EventDate "2019.06.21"]

1. d4 Nf6 2. Nf3 e6 3. e3 c5 4. b3 d5 5. Bd3 Nc6 6. Bb2 cxd4 7. exd4 Bd6 8. O-O
O-O 9. a3 h6 10. Nbd2 Bd7 11. Ne5 Nh7 12. Qe2 Nxe5 13. dxe5 Bc5 14. Kh1 Qb6 15.
Nf3 a6 16. b4 Be7 17. Bd4 Qc7 18. c3 Ng5 19. Nxg5 Bxg5 20. f4 Be7 21. Rf3 Rfc8
22. Rh3 Qd8 23. g4 f6 24. Rg1 fxe5 25. Bxe5 Bf6 26. g5 Bxe5 27. Qxe5 Qc7 28.
gxh6 Qxe5 29. fxe5 Bc6 30. Rxg7+ Kh8 31. Rh7+ Kg8 32. Rg3+ Kf8 33. Rh8+ 1-0

[Event "2019 Steve Boniface Memorial Congress O"]
[Site "Bristol"]
[Date "2019.06.23"]
[Round "4.18"]
[White "Fowler, Hugo"]
[Black "Vaughan, Alex"]
[Result "0-1"]
[WhiteElo "1796"]
[BlackElo "1929"]
[PlyCount "64"]
[EventDate "2019.06.21"]

1. e4 e6 2. d4 d5 3. e5 c5 4. c3 Nc6 5. Nf3 Bd7 6. Be2 Nge7 7. a3 a5 8. Be3 Nf5
9. O-O Nxe3 10. fxe3 h6 11. Nbd2 c4 12. Qe1 a4 13. Qf2 Qe7 14. Bxc4 dxc4 15.
Nxc4 O-O-O 16. Nd6+ Kb8 17. Nd2 f6 18. e4 Bc8 19. N2c4 Qc7 20. d5 Nxe5 21. Nxe5
Bxd6 22. Nd3 Bxh2+ 23. Kh1 exd5 24. exd5 Bg3 25. Qf3 h5 26. Nf4 Bxf4 27. Qxf4
Rxd5 28. Qb4 h4 29. Qf4 h3 30. g3 Qxf4 31. gxf4 Rd2 32. b4 b6 0-1

[Event "2019 Steve Boniface Memorial Congress O"]
[Site "Bristol"]
[Date "2019.06.23"]
[Round "4.19"]
[White "Miller, George I"]
[Black "Fava, Achille"]
[Result "1-0"]
[WhiteElo "1896"]
[BlackElo "1529"]
[PlyCount "48"]
[EventDate "2019.06.21"]

1. Nf3 Nf6 2. d4 e6 3. Nbd2 d5 4. e3 Nbd7 5. Bd3 c6 6. O-O Bd6 7. Re1 O-O 8. e4
dxe4 9. Nxe4 Nxe4 10. Bxe4 Re8 11. Bxh7+ Kxh7 12. Ng5+ Kg8 13. Qh5 Qf6 14. Ne4
Qxd4 15. Ng5 Qf6 16. Qh7+ Kf8 17. Ne4 Qe5 18. Bg5 f6 19. f4 Qd4+ 20. Kh1 fxg5
21. Rad1 Qxb2 22. Nxd6 Qf6 23. fxg5 Qc3 24. Qh8+ Ke7 1-0

[Event "2019 Steve Boniface Memorial Congress O"]
[Site "Bristol"]
[Date "2019.06.23"]
[Round "4.21"]
[White "Cizek, Ondrej"]
[Black "Cetens, Edward"]
[Result "1/2-1/2"]
[WhiteElo "1846"]
[BlackElo "1850"]
[PlyCount "54"]
[EventDate "2019.06.21"]

{[%evp 0,18,40,25,48,33,33,1,5,27,34,32,25,37,37,41,40,42,40,46,72]} 1. e4 c5
2. Nc3 e6 3. g3 Nc6 4. Bg2 d6 5. d3 Nf6 6. f4 Be7 7. Nf3 a6 8. O-O Qc7 9. a4
Bd7 10. Be3 Ng4 11. Bd2 f5 12. h3 Nf6 13. exf5 exf5 14. Re1 O-O 15. Ng5 Rae8
16. Nd5 Qd8 17. Nxf6+ gxf6 18. Bd5+ Kg7 19. Bc3 Kg6 20. Nf3 Qc8 21. Nh4+ Kh6
22. Qd2 Bd8 23. Rxe8 Rxe8 24. Re1 Ne7 25. Qg2 Nxd5 26. Qxd5 Rxe1+ 27. Bxe1 Be7
1/2-1/2

[Event "2019 Steve Boniface Memorial Congress O"]
[Site "Bristol"]
[Date "2019.06.23"]
[Round "4.22"]
[White "Fava, Lorenzo"]
[Black "Walker, Max"]
[Result "0-1"]
[WhiteElo "1603"]
[BlackElo "1694"]
[PlyCount "84"]
[EventDate "2019.06.21"]

1. e4 c5 2. Nf3 d6 3. d4 cxd4 4. Nxd4 Nf6 5. Nc3 a6 6. h3 e5 7. Nde2 Be7 8. g4
h6 9. Bg2 b5 10. Be3 Bb7 11. O-O Nbd7 12. Ng3 g6 13. Qd2 Bf8 14. a3 Nb6 15.
Bxb6 Qxb6 16. Kh1 Bg7 17. Rfe1 O-O-O 18. a4 b4 19. Nd5 Nxd5 20. exd5 a5 21. c3
b3 22. Qe3 Qxe3 23. Rxe3 Ba6 24. c4 Kd7 25. Rc1 Rb8 26. Ne4 f5 27. gxf5 gxf5
28. Rg3 Rhg8 29. Nd2 e4 30. Nxb3 Bxb2 31. Rxg8 Rxg8 32. Rc2 Be5 33. Nxa5 Rb8
34. Bf1 Rb1 35. Kg2 f4 36. Nc6 f3+ 37. Kg1 Bf4 38. Rc3 Bd2 39. Rc2 e3 40. fxe3
Bxe3+ 41. Kh2 Rxf1 42. h4 f2 0-1

[Event "2019 Steve Boniface Memorial Congress O"]
[Site "Bristol"]
[Date "2019.06.23"]
[Round "5.1"]
[White "Willow, Jonah B"]
[Black "Merry, Alan B"]
[Result "0-1"]
[WhiteElo "2338"]
[BlackElo "2441"]
[PlyCount "78"]
[EventDate "2019.06.21"]

1. e4 d5 2. Nc3 dxe4 3. Nxe4 Qd5 4. Nc3 Qa5 5. Bc4 Nf6 6. d3 c6 7. Nge2 g6 8.
O-O Bg7 9. Ng3 O-O 10. Re1 Qc7 11. Qf3 b6 12. Bf4 Qd7 13. Rad1 Bb7 14. Qe2 Re8
15. d4 Qg4 16. Qxg4 Nxg4 17. Be5 Nxe5 18. dxe5 Na6 19. Nge4 h6 20. f4 Kf8 21.
Rd7 Bc8 22. Rd2 Nc7 23. Red1 Be6 24. Be2 Rec8 25. Bf3 Ne8 26. g4 Rab8 27. Ng3
Rc7 28. h3 g5 29. Nh5 gxf4 30. Re1 Rd7 31. Rxd7 Bxd7 32. Nxf4 Nc7 33. Nh5 Bh8
34. Ng3 Ne6 35. Nf5 h5 36. Rd1 Rd8 37. gxh5 Bxe5 38. h6 Bc8 39. Re1 Ng5 0-1

[Event "2019 Steve Boniface Memorial Congress O"]
[Site "Bristol"]
[Date "2019.06.23"]
[Round "5.2"]
[White "Arkell, Keith C"]
[Black "Murphy, Conor E"]
[Result "0-1"]
[WhiteElo "2467"]
[BlackElo "2361"]
[PlyCount "94"]
[EventDate "2019.06.21"]

{[%evp 0,94,19,27,23,23,26,-17,4,-34,-19,-2,16,1,36,29,43,41,46,33,64,59,56,59,
62,31,49,35,36,43,38,33,42,-6,-7,-16,21,-12,-2,-12,82,76,108,117,117,111,182,
155,193,187,21,-114,-38,-292,-292,-292,-292,-292,-292,-292,-292,-292,-292,-290,
-290,-290,-290,-282,-280,-291,-240,-341,-324,-321,-299,-318,-276,-304,-275,
-374,-357,-374,-283,-369,-307,-310,-258,-271,-209,-229,-232,-232,-231,-274,
-299,-420,-392]} 1. d4 d5 2. Nf3 Nf6 3. c4 e6 4. cxd5 exd5 5. Nc3 c6 6. Bg5 Be7
7. e3 Nbd7 8. Bd3 h6 9. Bh4 Nh5 10. Bxe7 Qxe7 11. O-O O-O 12. Rb1 a5 13. a3
Nhf6 14. Qc2 Re8 15. Rfe1 Nb6 16. b4 axb4 17. axb4 Nc4 18. Bxc4 dxc4 19. b5 Nd5
20. bxc6 Nb4 21. Qb2 Nxc6 22. Nd5 Qe4 23. Nc7 Bh3 24. gxh3 Qxf3 25. Qe2 Nxd4
26. Qxc4 Ra5 27. Qxd4 Rg5+ 28. Kf1 Rg2 29. Re2 Rxh2 30. Ke1 Rxf2 31. Rbb2 Rxe2+
32. Rxe2 Qg3+ 33. Kf1 Qxc7 34. Rg2 g6 35. Qf4 Qc1+ 36. Kf2 Qd2+ 37. Kf3 Qd5+
38. Kf2 h5 39. Qf3 Qd2+ 40. Qe2 Qc3 41. Rg3 Rd8 42. e4 Qa5 43. Rd3 Rxd3 44.
Qxd3 Qe5 45. Kf3 Kg7 46. Qd7 b5 47. Qb7 h4 0-1

[Event "2019 Steve Boniface Memorial Congress O"]
[Site "Bristol"]
[Date "2019.06.23"]
[Round "5.3"]
[White "Xian, Junhao"]
[Black "Villiers, Thomas"]
[Result "0-1"]
[WhiteElo "2053"]
[BlackElo "2208"]
[PlyCount "44"]
[EventDate "2019.06.21"]

1. d4 d5 2. c4 c6 3. cxd5 cxd5 4. Bf4 Qb6 5. Nc3 Nf6 6. e3 Qxb2 7. Rc1 Bf5 8.
Bxb8 Rxb8 9. Bb5+ Kd8 10. Nge2 e6 11. O-O Bd6 12. Bd3 Bxd3 13. Qxd3 Ke7 14. f3
Rhc8 15. e4 Bb4 16. e5 Nd7 17. Rc2 Qa3 18. Rfc1 Rc4 19. Qxh7 Rbc8 20. Nb5 Qe3+
21. Kf1 Rxc2 22. Rxc2 Nf8 0-1

[Event "2019 Steve Boniface Memorial Congress O"]
[Site "Bristol"]
[Date "2019.06.23"]
[Round "5.4"]
[White "Munshi, Aditya"]
[Black "Brozel, Sacha"]
[Result "0-1"]
[WhiteElo "2108"]
[BlackElo "2144"]
[PlyCount "80"]
[EventDate "2019.06.21"]

{[%evp 0,18,28,28,45,30,77,33,59,23,26,20,26,6,4,7,22,12,18,-16,13]} 1. e4 e6
2. d4 d5 3. Nd2 Be7 4. Ngf3 Nf6 5. e5 Nfd7 6. Bd3 c5 7. c3 Nc6 8. O-O g5 9.
dxc5 Ndxe5 10. Nxe5 Nxe5 11. Nb3 Nxd3 12. Qxd3 e5 13. Re1 f6 14. Qe2 O-O 15. h4
g4 16. Bh6 Rf7 17. Rad1 Bf5 18. f3 Qd7 19. Rd2 Rd8 20. Red1 Qe6 21. Re1 Qc8 22.
Be3 Rg7 23. f4 Be4 24. Red1 Bf3 25. Qf1 Bxd1 26. Qxd1 exf4 27. Bxf4 Bxc5+ 28.
Nxc5 Qxc5+ 29. Rd4 h5 30. Qd3 Qe7 31. Rxd5 Qe1+ 32. Kh2 Qxh4+ 33. Kg1 Qe1+ 34.
Kh2 Re8 35. Rd8 h4 36. Qd5+ Rf7 37. Qd3 f5 38. Rxe8+ Qxe8 39. Qd4 Qe1 40. Qd8+
Kh7 0-1

[Event "2019 Steve Boniface Memorial Congress O"]
[Site "Bristol"]
[Date "2019.06.23"]
[Round "5.5"]
[White "Krzyzanowski, Patryk"]
[Black "Beaumont, Chris R"]
[Result "1/2-1/2"]
[WhiteElo "2100"]
[BlackElo "2264"]
[PlyCount "50"]
[EventDate "2019.06.21"]

1. c4 g6 2. Nc3 Bg7 3. Nf3 c5 4. g3 Nc6 5. Bg2 d6 6. O-O Bf5 7. d3 Qd7 8. Nd5
Rc8 9. Rb1 e6 10. Ne3 Nh6 11. Nh4 Nd4 12. Nhxf5 Nhxf5 13. Nxf5 Nxf5 14. b4 b6
15. bxc5 dxc5 16. a4 O-O 17. a5 Rb8 18. axb6 axb6 19. Bf4 e5 20. Bd2 Nd4 21. e3
Ne6 22. Qc2 Rfd8 23. Be4 Nc7 24. Rb3 f5 25. Bf3 e4 1/2-1/2

[Event "2019 Steve Boniface Memorial Congress O"]
[Site "Bristol"]
[Date "2019.06.23"]
[Round "5.7"]
[White "Hosdurga, Chirag"]
[Black "Brown, Tom"]
[Result "0-1"]
[WhiteElo "1937"]
[BlackElo "2081"]
[PlyCount "68"]
[EventDate "2019.06.21"]

1. d4 g6 2. c4 Bg7 3. Nc3 c5 4. d5 d6 5. e4 e6 6. f4 Ne7 7. Nf3 exd5 8. cxd5 a6
9. a4 Bg4 10. h3 Bxf3 11. Qxf3 f5 12. Bc4 fxe4 13. Nxe4 Nf5 14. O-O O-O 15. Bd2
Bxb2 16. Bc3 Bxc3 17. Qxc3 Nd7 18. Ng5 Qf6 19. Qxf6 Nxf6 20. Ne6 Ne3 21. Nxf8
Rxf8 22. Rfc1 Nxc4 23. Rxc4 b5 24. axb5 axb5 25. Rc2 b4 26. Ra6 Rd8 27. Rc6
Nxd5 28. Rd2 Nxf4 29. Rxc5 dxc5 30. Rxd8+ Kf7 31. Rc8 Nd3 32. Kf1 b3 33. Ke2 b2
34. Rb8 Nb4 0-1

[Event "2019 Steve Boniface Memorial Congress O"]
[Site "Bristol"]
[Date "2019.06.23"]
[Round "5.8"]
[White "Jaszkiwskyj, Peter"]
[Black "Garcia Hernandez, Oscar"]
[Result "1/2-1/2"]
[WhiteElo "1922"]
[BlackElo "2068"]
[PlyCount "59"]
[EventDate "2019.06.21"]

{[%evp 0,39,28,36,33,-19,0,-15,25,8,12,11,-5,3,14,14,25,18,16,33,40,1,38,10,36,
31,37,8,4,-14,-14,-56,-56,-48,-61,-69,-69,-102,-105,-104,-107,-86]} 1. d4 e6 2.
c4 Nf6 3. Nf3 b6 4. g3 Bb7 5. Bg2 c5 6. O-O cxd4 7. Nxd4 Bxg2 8. Kxg2 Qc8 9. b3
Qb7+ 10. Kg1 Be7 11. Bb2 h5 12. e3 h4 13. Qf3 Nc6 14. Nc3 O-O-O 15. Rfd1 hxg3
16. hxg3 Ne5 17. Qxb7+ Kxb7 18. Kg2 Nfg4 19. Nf3 Nxf3 20. Kxf3 Nxf2 21. Rd2 Nh3
22. Rad1 Ng5+ 23. Kg2 d6 24. Ba3 Rd7 25. Nb5 Rhd8 26. Rd4 a6 27. Nxd6+ Kc6 28.
Nxf7 Nxf7 29. Bxe7 Rxe7 30. Rxd8 1/2-1/2

[Event "2019 Steve Boniface Memorial Congress O"]
[Site "Bristol"]
[Date "2019.06.23"]
[Round "5.9"]
[White "Kan, Toby"]
[Black "Waddington, Mike P"]
[Result "0-1"]
[WhiteElo "1550"]
[BlackElo "2009"]
[PlyCount "68"]
[EventDate "2019.06.21"]

{[%evp 0,37,33,40,38,21,108,48,150,125,124,107,107,125,96,117,165,143,150,150,
147,134,127,118,116,79,90,83,81,56,59,16,29,18,9,0,-19,-32,-3,-27]} 1. e4 e5 2.
Nf3 f5 3. Nxe5 Qf6 4. d4 d6 5. Nc4 fxe4 6. Nc3 Qg6 7. f3 exf3 8. Qxf3 Nc6 9.
Bd3 Qg4 10. Qxg4 Bxg4 11. O-O O-O-O 12. Be3 Nf6 13. a3 d5 14. Nd2 Be7 15. b4
Rhe8 16. Bf2 Bd6 17. Rfe1 Bf4 18. Nb3 Kb8 19. Ne2 Bh6 20. Ng3 g6 21. Rab1 Bc8
22. b5 Ne7 23. a4 Ng4 24. Nc5 Ng8 25. a5 Nxf2 26. Kxf2 Bd2 27. Rxe8 Rxe8 28.
Nb3 Be3+ 29. Kf3 Nf6 30. h3 Bg5 31. Nf1 Nh5 32. Nc5 Rf8+ 33. Ke2 Nf4+ 34. Kd1
Nxd3 0-1

[Event "2019 Steve Boniface Memorial Congress O"]
[Site "Bristol"]
[Date "2019.06.23"]
[Round "5.10"]
[White "Slade, Theodore"]
[Black "Kerr, Duncan"]
[Result "1-0"]
[WhiteElo "2125"]
[BlackElo "1900"]
[PlyCount "109"]
[EventDate "2019.06.21"]

1. d4 Nf6 2. c4 e6 3. Nc3 Bb4 4. Qc2 Nc6 5. Nf3 O-O 6. Bd2 d6 7. e3 a5 8. Be2
e5 9. dxe5 dxe5 10. O-O h6 11. Rfd1 Bxc3 12. Bxc3 Qe7 13. b3 Bg4 14. Qb2 Rfe8
15. a3 Ne4 16. Be1 Qf6 17. b4 axb4 18. axb4 Rxa1 19. Rxa1 b6 20. h3 Bc8 21. b5
Nd8 22. Ra7 Nb7 23. Ra8 Nbd6 24. Bb4 Qe6 25. Qc2 Bb7 26. Ra7 Ra8 27. Rxb7 Nxb7
28. Qxe4 Ra1+ 29. Kh2 Nd6 30. Qxe5 Qxe5+ 31. Nxe5 Ra2 32. Bd3 Nb7 33. Be4 Na5
34. Kg3 Nxc4 35. Bd5 Ra4 36. Bxf7+ Kh7 37. Bxc4 Rxb4 38. f4 Rb2 39. f5 h5 40.
h4 Kh6 41. Nf7+ Kh7 42. Ng5+ Kh8 43. e4 Rb4 44. Be2 Rb2 45. Kf3 Rb3+ 46. Kf2
Rb2 47. Ne6 Rc2 48. Ke3 Rc3+ 49. Kd4 Rc1 50. Bxh5 c6 51. bxc6 Rxc6 52. Be8 Rc1
53. e5 Rf1 54. Ke4 Rb1 55. f6 1-0

[Event "2019 Steve Boniface Memorial Congress O"]
[Site "Bristol"]
[Date "2019.06.23"]
[Round "5.11"]
[White "Pugh, Derek C"]
[Black "Miller, George I"]
[Result "1-0"]
[WhiteElo "2059"]
[BlackElo "1896"]
[PlyCount "53"]
[EventDate "2019.06.21"]

{[%evp 0,51,33,27,45,33,33,16,30,36,54,32,39,15,14,6,20,18,35,11,23,13,27,-26,
96,91,66,71,71,82,58,55,65,23,46,26,-3,22,42,60,46,58,383,383,395,489,473,475,
475,475,509,660,683,683]} 1. e4 e6 2. Nc3 d5 3. d4 dxe4 4. Nxe4 Nd7 5. Bc4 Ngf6
6. Bg5 Be7 7. Nxf6+ Nxf6 8. Nf3 h6 9. Bh4 c5 10. O-O cxd4 11. Qe2 Nh5 12. Bxe7
Qxe7 13. Bb5+ Kf8 14. Qe5 Nf6 15. Rad1 a6 16. Bc4 b5 17. Bb3 Bb7 18. Nxd4 Nd7
19. Qg3 Nc5 20. Rfe1 h5 21. Nf5 Qf6 22. Qd6+ Kg8 23. Ne7+ Kh7 24. Qxc5 Rhe8 25.
Qxh5+ Qh6 26. Qxh6+ gxh6 27. Rd7 1-0